WIA HTML - Statystyki

Ogólne statystyki
  • Ten quiz został rozwiązany 143 razy
    96 od ostatniego zresetowania
  • Średni wynik to 21 z 39
Statystyki odpowiedzi
Hint Odpowiedź % Poprawnych
przełamanie wiersza(nowa linia) <br>
97%
kursywa <i></i>
91%
Uporządowana (numerowana) lista <ol></ol>
88%
Dzielenie strony na elementy (kontener) <div></div>
75%
Element listy <li></li>
72%
służy do identyfikacji sekcji strony, która zawiera linki nawigacyjne <nav></nav>
72%
Akapit <p></p>
72%
wiersz w tabeli <tr></tr>
72%
Nieuporządkowana(wypunktowana) lista <ul></ul>
72%
definiowanie czcionki <font></font>
69%
Komórka tabeli <td></td>
69%
pogrubienie <b></b>
66%
pasek poziomy <hr>
66%
czcionka mocno pogrubiona <strong></strong>
66%
tabela <table></table>
66%
nagłówek tabeli <th></th>
63%
Podkreślenie <u></u>
63%
odsyłacz absolutny <a>
56%
dzieli strone na sekcje <section></section>
53%
podpinacz do innego dokumentu hipertekstowego <link>
50%
Tekst preformatowany <pre></pre>
50%
Krótki cytat <q></q>
50%
wyróżnienie tekstu <em></em>
47%
podświetlenie <mark></mark>
47%
zawierająccy szczegółowe informacje o stronie <meta>
47%
przekreślenie <s></s>
47%
indeks górny <sup></sup>
44%
indeks dolny <sub></sub>
41%
znak euro &euro
38%
oznaczenie definicji <dfn></dfn>
38%
Grafiki <svg></svg>
38%
ampersand (&) &amp
34%
spacja niełamliwa &nbsp
34%
cudzysłów &quot
34%
określa typ kodowania charset <meta>
34%
służy do określenia wartości związanej z atrybutami nazw http content <meta>
28%
paragraf &sect
25%
Określa i grupuje elementy liniowe oraz ich atrybuty <span></span>
25%
definicja nagłówka <h1> - <h6> </>
22%
Nie znaleziono quizów pasujących do podanych kryteriów
Rozkład punktacji
Procent ludzi z każdym wynikiem
Percentyl według liczby udzielonych odpowiedzi
Twoja historia wyników
Nie rozwiązałeś tego quizu od ostatniego zresetowania